00429pam a2200145 a 4500020000500000041000800005100001800013245004800031250001000079260002600089300001000115930001000125999001700135952013100152 c aeng aCarbaugh.R.I. aInternational Economics hTextual Documents a2002. a[s.l]:bSouth Western a544p. a12768 c89670d89670 001040708ReferenceaYMPbYMPd2021-07-03eGoal Book Agencyg766.50l0o pYMP-61794r2023-02-24 00:00:00t1w2023-02-24yBK